Переменные напряжения в стенках труб из циркониевого сплава для технологических каналов ядерных энергетических установок при циклическом деформировании; Известия Томского политехнического университета [Известия ТПУ]; Т. 317, № 4: Энергетика
| Parent link: | Известия Томского политехнического университета [Известия ТПУ]/ Томский политехнический университет (ТПУ).— , 2000- Т. 317, № 4: Энергетика.— 2010.— [С. 20-24] |
|---|---|
| Beste egile batzuk: | , , , |
| Gaia: | Заглавие с титульного листа Электронная версия печатной публикации Методом рентгеновской дилатометрии получена кривая, устанавливающая связь цикличности деформирования с плотностью структурных дефектов и внутризеренными напряжениями второго рода, определяющими хрупкую прочность зерен, и позволяющая по параметру элементарной ячейки диагностировать стадию наступления катастрофической коррозии сплава. По кривой перераспределения внутренних напряжений при деформировании установлена важнейшая характеристика прочности - циклическая вязкость. |
| Hizkuntza: | errusiera |
| Argitaratua: |
2010
|
| Saila: | Энергетика |
| Gaiak: | |
| Sarrera elektronikoa: | http://www.lib.tpu.ru/fulltext/v/Bulletin_TPU/2010/v317/i4/04.pdf |
| Formatua: | MixedMaterials Baliabide elektronikoa Liburu kapitulua |
| KOHA link: | https://koha.lib.tpu.ru/cgi-bin/koha/opac-detail.pl?biblionumber=192703 |
MARC
| LEADER | 00000nla2a2200000 4500 | ||
|---|---|---|---|
| 001 | 192703 | ||
| 005 | 20231031181442.0 | ||
| 035 | |a (RuTPU)RU\TPU\book\210128 | ||
| 035 | |a RU\TPU\book\210118 | ||
| 090 | |a 192703 | ||
| 100 | |a 20110305d2010 k y0rusy50 ca | ||
| 101 | 0 | |a rus | |
| 102 | |a RU | ||
| 135 | |a drnn ---uucaa | ||
| 181 | 0 | |a i | |
| 182 | 0 | |a b | |
| 200 | 1 | |a Переменные напряжения в стенках труб из циркониевого сплава для технологических каналов ядерных энергетических установок при циклическом деформировании |b Электронный ресурс |f Л. Л. Любимова [и др.] | |
| 203 | |a Текст |c электронный | ||
| 215 | |a 1 файл (124 Кб) | ||
| 225 | 1 | |a Энергетика | |
| 230 | |a Электронные текстовые данные (1 файл : 124 Кб) | ||
| 300 | |a Заглавие с титульного листа | ||
| 300 | |a Электронная версия печатной публикации | ||
| 320 | |a [Библиогр.: с. 24 (12 назв.)] | ||
| 330 | |a Методом рентгеновской дилатометрии получена кривая, устанавливающая связь цикличности деформирования с плотностью структурных дефектов и внутризеренными напряжениями второго рода, определяющими хрупкую прочность зерен, и позволяющая по параметру элементарной ячейки диагностировать стадию наступления катастрофической коррозии сплава. По кривой перераспределения внутренних напряжений при деформировании установлена важнейшая характеристика прочности - циклическая вязкость. | ||
| 337 | |a Adobe Reader | ||
| 461 | 1 | |0 (RuTPU)RU\TPU\book\176237 |t Известия Томского политехнического университета [Известия ТПУ] |f Томский политехнический университет (ТПУ) |d 2000- | |
| 463 | 1 | |0 (RuTPU)RU\TPU\book\210108 |t Т. 317, № 4: Энергетика |v [С. 20-24] |d 2010 |p 196 с. | |
| 610 | 1 | |a технологические каналы | |
| 610 | 1 | |a циркониевые сплавы | |
| 610 | 1 | |a внутренние структурные напряжения | |
| 610 | 1 | |a плотность дислокаций | |
| 610 | 1 | |a рентгенодилатометрия | |
| 610 | 1 | |a ядерные энергетические установки | |
| 610 | 1 | |a труды учёных ТПУ | |
| 610 | 1 | |a электронный ресурс | |
| 701 | 1 | |a Любимова |b Л. Л. |c российский ученый, специалист в области парогенераторных установок |c доцент Томского политехнического университета, кандидат технических наук |f 1947- |g Людмила Леонидовна |2 stltpush |3 (RuTPU)RU\TPU\pers\25982 | |
| 701 | 1 | |a Макеев |b А. А. |c российский ученый в области теплоэнергетики |c кандидат технических наук, доцент Томского политехнического университета |f 1946-2008 |g Анатолий Анатольевич |2 stltpush |3 (RuTPU)RU\TPU\pers\24963 | |
| 701 | 1 | |a Заворин |b А. С. |c специалист в области теплотехники |c профессор Томского политехнического университета, доктор технических наук |f 1946- |g Александр Сергеевич |2 stltpush |3 (RuTPU)RU\TPU\pers\25896 | |
| 701 | 1 | |a Ташлыков |b А. А. |c российский учёный в области парагенераторостроения |c старший преподаватель Томского политехнического университета |f 1979- |g Александр Анатольевич |2 stltpush |3 (RuTPU)RU\TPU\pers\26912 | |
| 801 | 1 | |a RU |b 63413507 |c 20090623 |g PSBO | |
| 801 | 2 | |a RU |b 63413507 |c 20211223 |g PSBO | |
| 856 | 4 | |u http://www.lib.tpu.ru/fulltext/v/Bulletin_TPU/2010/v317/i4/04.pdf | |
| 942 | |c CF | ||